000 00488nam a2200205Ia 4500
003 0100
008 130303s9999 xx 000 0 und d
020 _a0199229813
040 _cARRUPELIB
050 _aQ175.32.O58L69
100 _aLowe, E.J.
245 4 _aThe four-category ontology
245 _ba metaphysical foundation for natural science
260 _aOxford
260 _bClarendon Press
260 _C2006
300 _a222p.
300 _b 23 cm
942 _2lcc
_01
999 _c65250
_d65250